Compressed air and gas Data / (Record no. 11969)
[ view plain ]
| 000 -LEADER | |
|---|---|
| fixed length control field | 01002cam a2200265 a 4500 |
| 001 - CONTROL NUMBER | |
| control field | 4329224 |
| 005 - DATE AND TIME OF LATEST TRANSACTION | |
| control field | 19891201125127.8 |
| 008 - FIXED-LENGTH DATA ELEMENTS--GENERAL INFORMATION | |
| fixed length control field | 880629s1988 njua f 001 0 eng |
| 010 ## - LIBRARY OF CONGRESS CONTROL NUMBER | |
| LC control number | 88022673 |
| 040 ## - CATALOGING SOURCE | |
| Original cataloging agency | DLC |
| Transcribing agency | DLC |
| Modifying agency | DLC |
| -- | OCoLC |
| 050 00 - LIBRARY OF CONGRESS CALL NUMBER | |
| Classification number | TJ985 |
| Item number | .C59 1988 |
| 082 00 - DEWEY DECIMAL CLASSIFICATION NUMBER | |
| Classification number | 621.5 |
| Edition number | 19 |
| Item number | COM |
| 245 00 - TITLE STATEMENT | |
| Title | Compressed air and gas Data / |
| Statement of responsibility, etc | editor A. W. Loomis. |
| 250 ## - EDITION STATEMENT | |
| Edition statement | . |
| 260 ## - PUBLICATION, DISTRIBUTION, ETC. (IMPRINT) | |
| Place of publication, distribution, etc | New jersy, |
| Name of publisher, distributor, etc | Ingersollrand, |
| Date of publication, distribution, etc | c.1969. |
| 300 ## - PHYSICAL DESCRIPTION | |
| Extent | xix, . : |
| Other physical details | ill. ; |
| Dimensions | 24 cm. |
| 500 ## - GENERAL NOTE | |
| General note | Includes index. |
| 650 #0 - SUBJECT ADDED ENTRY--TOPICAL TERM | |
| Topical term or geographic name as entry element | Compressed air |
| General subdivision | Handbooks, manuals, etc. |
| 9 (RLIN) | 6722 |
| 650 #0 - SUBJECT ADDED ENTRY--TOPICAL TERM | |
| Topical term or geographic name as entry element | Gases, Compressed |
| General subdivision | Handbooks, manuals, etc. |
| 9 (RLIN) | 6723 |
| 700 1# - ADDED ENTRY--PERSONAL NAME | |
| Personal name | Rollins, John P. |
| 9 (RLIN) | 6724 |
| 710 2# - ADDED ENTRY--CORPORATE NAME | |
| Corporate name or jurisdiction name as entry element | Compressed Air and Gas Institute. |
| 9 (RLIN) | 6725 |
| 942 ## - ADDED ENTRY ELEMENTS (KOHA) | |
| Source of classification or shelving scheme | Dewey Decimal Classification |
| Item type | Book - Borrowing |
| Withdrawn status | Item status | Source of classification or shelving scheme | Damaged status | Not for loan | Vendor | Home library | Current library | Shelving location | Date acquired | Source of acquisition | Cost, normal purchase price | Serial Enumeration / chronology | Total Checkouts | Full call number | Barcode | Date last seen | Koha item type |
|---|---|---|---|---|---|---|---|---|---|---|---|---|---|---|---|---|---|
| Dewey Decimal Classification | Alef-Baa | Central Library | Central Library | First floor | 23/06/2009 | 1595.00 | 150 | 621.5 COM | 000016743 | 15/07/2025 | Book - Borrowing |